Cost engineering for effective project control

Saved in:
Bibliographic Details
Main Author: Ward, Sol A.
Format: Book
Language:Greek
Published: New York : Wiley, c1992
Subjects:
Tags: Add Tag
No Tags, Be the first to tag this record!

MARC

LEADER 00000nam a2200000 i 4500
001 1/17053
008 010209s1992 gre d
020 |a 0-471-52851-X 
035 |l 10065997 
040 |a GR-MY-UA  |b gre  |e aacr 
041 0 |a gre 
082 0 |a 658.1522 
100 1 |a Ward, Sol A. 
245 1 0 |a Cost engineering for effective project control /  |c Sol A. Ward 
260 |a New York :   |b Wiley,   |c c1992 
300 |a viii, 227 p. 
504 |a Includes bibliography and index 
650 0 0 |a Engineering economy. 
852 |a INST  |b CHIOS  |e 20010209  |h 658.1552 WAR  |p 005200021384  |q 005200021384  |t BK  |y 0 
901 |a BIBL2-2001-1 
909 |a Χ  |b 082779 
922 |a 2ΕΛΗ  |b 200011  |c ΤΜΟΔ  |d ΜΙΧΑΛΟΠΟΥΛΟΣ 
950 |a 186-2000-09-14 
970 |a ΣΑΛΑΜΟΥΡΑ  |b ΜΑΡΙΑ  |z 2001/02/20